| 000 | 00479nam a2200169Ia 4500 | ||
|---|---|---|---|
| 005 | 20250508153318.0 | ||
| 008 | 008 250505s9999 xx 000 0 eng d | ||
| 037 | _aBooks to be hide in OPAC | ||
| 040 |
_aFEDL _beng _cFEDL |
||
| 041 |
_aeng _2eng |
||
| 084 |
_a370.58, INT/O _qFEDL |
||
| 245 | 0 | _aAnnuaire international de L'education et de L'enseignement 1938 | |
| 260 | _c1938 | ||
| 300 | _a500p. | ||
| 942 |
_cHB _h370.58, INT/O |
||
| 999 |
_c1341928 _d1341928 |
||